000 00844nam0a22002531 4500
001 rc\789015
005 20250622133003.0
035 _a(NLR Aleph) 006314390
090 _a7385657
_c7385657
100 _a20040301d1984 |||y0rusy50 ca
101 0 _arus
102 _aRU
105 _aa |||||||||
200 1 _aБарьер
_eРоман
_fАхат Джаксыбаев
_gПеревод с каз. Л. Кривощекова
_g[Худож. С. Алиев]
210 _aАлма-Ата
_cЖазушы
_d1984
215 _a278 с.
_cил.
_d21
225 1 _aКазахская проза
300 _aВ вып. дан. авт.: Ахат Имантаевич Джаксыбаев
700 1 _aДжаксыбаев
_bА.
_gАхат
801 0 _aRU
_bNLR
_gpsbo
801 1 _aRU
_bELAR
_2rusmarc
852 _aNLR
_j84-3/8317
942 _cBOOK
980 _aNB